Managing credit department functions : (Record no. 345735)
[ view plain ]
| 000 -LEADER | |
|---|---|
| fixed length control field | 01523 a2200193 4500 |
| 020 ## - INTERNATIONAL STANDARD BOOK NUMBER | |
| International Standard Book Number | 1557387559 |
| 020 ## - INTERNATIONAL STANDARD BOOK NUMBER | |
| International Standard Book Number | 9781557387554 |
| 082 04 - DEWEY DECIMAL CLASSIFICATION NUMBER | |
| Classification number | 332.1753068 |
| 090 ## - LOCALLY ASSIGNED LC-TYPE CALL NUMBER (OCLC); LOCAL CALL NUMBER (RLIN) | |
| -- | 3247 |
| -- | 3247 |
| 100 1# - MAIN ENTRY--PERSONAL NAME | |
| Personal name | Pirok, Kenneth R. |
| 245 10 - TITLE STATEMENT | |
| Title | Managing credit department functions : |
| Remainder of title | a manager's guide to improving loan analysis, documentation and reporting / |
| Statement of responsibility, etc. | Kenneth R. Pirok. |
| 260 ## - PUBLICATION, DISTRIBUTION, ETC. | |
| Place of publication, distribution, etc. | [S.l.] : |
| Name of publisher, distributor, etc. | Probus Professional Pub, |
| Date of publication, distribution, etc. | 1995. |
| 300 ## - PHYSICAL DESCRIPTION | |
| Extent | 225 p. ; |
| Dimensions | 24 cm. |
| 500 ## - GENERAL NOTE | |
| General note | Hardcover. |
| 520 ## - SUMMARY, ETC. | |
| Summary, etc. | Managing Credit Department Functions helps bankers face the challenges of this essential component of loan management, including the information critical to their success in loan analysis, loan documentation, economic and market research, board and regulatory reporting and credit inquiries. It helps readers face the myriad of challenges impacting the loan department. Beginning with the basics, Managing Credit Department functions defines the critical concepts and offers practical applications, including hands-on analysis, sample forms, data and schedules, and a review of essentials, such as: Structuring the credit department; Relationship and interaction with commercial lenders; Formal lending and credit training; Documentation and credit file administration; Relationship profitability analysis. |
| 856 40 - ELECTRONIC LOCATION AND ACCESS | |
| Materials specified | Amazon.com |
| Uniform Resource Identifier | <a href="http://www.amazon.com/exec/obidos/ASIN/1557387559/chopaconline-20">http://www.amazon.com/exec/obidos/ASIN/1557387559/chopaconline-20</a> |
| 856 40 - ELECTRONIC LOCATION AND ACCESS | |
| Materials specified | Amazon customer reviews |
| Uniform Resource Identifier | <a href="http://www.chopac.org/cgi-bin/tools/azrev.pl?q=1557387559">http://www.chopac.org/cgi-bin/tools/azrev.pl?q=1557387559</a> |
| 942 ## - ADDED ENTRY ELEMENTS (KOHA) | |
| Institution code [OBSOLETE] | NBS |
| Koha item type | Book |
| Call number prefix | 332.7 PIR |
| Withdrawn status | Lost status | Damaged status | Not for loan | Permanent Location | Current Location | Date acquired | Total Checkouts | Full call number | Barcode | Date last seen | Date last checked out | Price effective from | Koha item type |
|---|---|---|---|---|---|---|---|---|---|---|---|---|---|
| Central Library (CL) | Central Library (CL) | 08/28/2013 | 1 | 332.7 PIR | NBS1324 | 11/22/2017 | 08/04/2017 | 08/28/2013 | Book |
